000 00797cam a22002653a 4500
001 24316
003 PGUSA
005 20140828083523.0
008 080115s2008||||xxu|||||s|||||000 p eng d
040 _aPGUSA
_beng
042 _adc
050 4 _aPL
100 1 _aZhao, Chongzuo, active 934-965
245 1 0 _a花間集
_h[electronic resource] /
_cChongzuo, active 934-965 Zhao
260 _bProject Gutenberg,
_c2008
506 _aPublic domain in the USA.
516 _aElectronic text
653 _aCi (Chinese poetry)
653 _aChinese poetry -- Five dynasties and the Ten kingdoms, 907-979
653 _aChinese poetry -- Tang dynasty, 618-907
740 0 _aHua Jian Ji
830 0 _aProject Gutenberg
_v24316
856 4 0 _uhttp://www.gutenberg.org/ebooks/24316
942 _cEB
999 _c253571
_d253571